• Precios

di Topical Term

Records bibliografici associati: 1

001 - CONTROL NUMBER

  • control field: 55822

003 - CONTROL NUMBER IDENTIFIER

  • control field: IT-RoINE

005 - DATE AND TIME OF LATEST TRANSACTION

  • control field: 20190109081547.0

008 - FIXED-LENGTH DATA ELEMENTS

  • fixed length control field: 190109|| aca||aabn | a|a d

040 ## - CATALOGING SOURCE

  • Original cataloging agency: IT-RoINE
  • Transcribing agency: IT-RoINE

150 ## - HEADING--TOPICAL TERM

  • Topical term or geographic name as entry element: Precios
  • Geographic subdivision: Europa
  • Form subdivision: Historia

670 ## - SOURCE DATA FOUND

  • Source citation: Work cat.: (IT-RoINE)0: I prezzi in Europa dal XIII secolo a oggi :, 1967.